Текст томруулах:    
Intermediate accounting (Бичлэгийн дугаар. 146014)
000 -УДИРДЛАГА
Удирдлага 00916nam a22003137a 4500
003 - ХЯНАЛТЫН ТОО ТОДОРХОЙЛОГЧ
Код MN-UlNUM
005 - БИЧИЛТ ХИЙСЭН ОГНОО
Тухайн бичилтийг бичсэн засварласан сүүлийн огноо 20251224124453.0
008 - ЕРӨНХИЙ МЭДЭЭЛЭЛ
Ерөнхий мэдээлэл 251224s1998 mauab||| |||| 001 0 eng |
020 ## - ISBN
ISBN 0256168644
040 ## - БИЧЛЭГ ҮҮСГЭГЧ БАЙГУУЛЛАГА
Бичлэг үүсгэгч номын сангийн код МУИС-ийн номын сан
084 ## - ББК АНГИЛАЛ
Нэмэлт тусгалт Бусад
ББК ангилал 65.052
Зохиогчийн гурван тэмдэгт D 98
Мэдлэгийн ялгаа 65 - Эдийн засаг
100 1# - ЗОХИОГЧ
Зохиогчийн нэр Dyckman, Thomas R.
245 10 - ҮНДСЭН ГАРЧИГ
Номын нэр Intermediate accounting
Оролцогчдын тухай мэдээ Thomas R. Dyckman, Roland E. Dukes, Charles J. Davis.
250 ## - ДАХИН ХЭВЛЭЛТ
Дахин гаралтын дугаар 4th ed.
260 ## - ГАРАЛТЫН МЭДЭЭ
Хэвлэгдсэн газар Boston :
Хэвлэлийн газар Irwin/McGraw-Hill,
Хэвлэгдсэн он 1998.
300 ## - МАТЕРИАЛЫН ТОДОРХОЙЛОЛТ
хуудасны тоо 1329p.:
Бусад тоон мэдээлэл ill. (some col.) ;
Хэмжээ 28 cm.
500 ## - Тайлбар
Дансны дугаар БС 4707-4709
546 ## - ХЭЛНИЙ ТУХАЙ МЭДЭЭ
Хэл Англи хэл дээр,
653 ## - Түлхүүр үг
Түлхүүр үг accounting
700 1# - ХАМ ЗОХИОГЧИД
Ба бус Dukes, Roland E.
700 1# - ХАМ ЗОХИОГЧИД
Ба бус Davis, Charles Joseph,
740 ## - НОМЫН ГАРЧИГ
Гарчиг Foundation and review
740 ## - НОМЫН ГАРЧИГ
Гарчиг Asset recognition and measurement
740 ## - НОМЫН ГАРЧИГ
Гарчиг Liabilities
740 ## - НОМЫН ГАРЧИГ
Гарчиг Owner's equity
942 ## - ЭЛЕМЕНТИЙН ТӨРӨЛ
Зүйлийн төрөл Ном